Etiqueta de registo: 00230nam 2200025 450
001 1699163
003 http://id.bnportugal.gov.pt/bib/catbnp/1699163
010 ## $a92-807-2372-3
100 ## $a20090108d2002 ae y0pory0103 ba
101 0# $apor
102 ## $aFR$aKE
105 ## $aa z 000yy
106 ## $ar
200 1# $aJovens rumo à mudança$ekit de formação para o consumo sustentável$e o guia$fUNESCO, PNUMA
210 #9 $aParis$cUNESCO ;$aNairobi$cPNUMA,$dcop. 2002
215 ## $a52 p.$cil.$d21 x 21 cm
225 2# $a A caminho de estilos de vida sustentáveis
675 ## $a366.1(035)$vBN$zpor$31358697
675 ## $a366.6(035)$vBN$zpor$31244348
710 02 $aUNESCO$321485
711 02 $aPrograma das Nações Unidas para o Meio Ambiente$4070$31096193
801 #0 $aPT$bBN$gRPC
966 ## $lBN$mFGMON$sS.C. 115221 V.$x5
Etiqueta de registo: 00567cam 022002171 04500
001 200813
003 http://id.bnportugal.gov.pt/bib/catbnp/200813
005 20010516135900.0
095 ## $aPTBN00208374
100 ## $a19000001d1980 m f0pora0103 ba
101 0# $afre
102 ## $aFR
200 1# $aSulfure de carbone
210 #9 $aGenéve$cOMS,$d1980
215 ## $a106 p.
675 ## $a616-057$vBN$zpor$3325717
675 ## $a628.5$vBN$zpor$3291379
710 02 $aOrganização Mundial de Saúde$313290
711 02 $aPrograma das Nações Unidas para o Meio Ambiente$4070$31096193
801 #0 $aPT$bBN$gRPC
966 ## $lBN$mFGREV$sR.E. 9466 V.
997 ## $aBIBEOD
998 ## $aFS105 - 00298
Etiqueta de registo: 00000nkm 2200025 450
001 2256910
003 http://id.bnportugal.gov.pt/bib/catbnp/2256910
100 ## $a20260129f1986 m y0pory01030103ba
101 0# $afre
200 1# $aLa paix naturellement$bVisual gráfico]$fPrograma das Nações Unidas para o Meio Ambiente$gPhoto: National Geographic Society
210 #9 $aNairobi$cPrograma das Nações Unidas para o Meio Ambiente,$d[1986]
215 ## $a1 cartaz$ccolor.$d48,3x66,8 cm
306 ## $aDatação atribuída em conformidade com as características formais do documento.
317 ## $aColeção Madeira Luís
710 02 $aPrograma das Nações Unidas para o Meio Ambiente$31096193
712 02 $aNational Geographic Society$4600$3241542
801 #0 $aPT$bBN$gRPC
966 ## $lBN$mICONOG$sCT. 18417 A.$x3
971 ## $cCatmusica8$d20260129
995 ## $aPRR2026 $d20260129$iCatmusica8
Etiqueta de registo: 00000nkm 2200025 450
001 2256862
003 http://id.bnportugal.gov.pt/bib/catbnp/2256862
100 ## $a20260129f1986 m y0pory01030103ba
101 0# $afre
200 1# $aLa paix naturellement$bVisual gráfico]$fPrograma das Nações Unidas para o Meio Ambiente$gPhoto: National Geographic Society
210 #9 $aNairobi$cPrograma das Nações Unidas para o Meio Ambiente,$d[1986]
215 ## $a1 cartaz$ccolor.$d48,1x66,8 cm
306 ## $aDatação atribuída em conformidade com as características formais do documento.
317 ## $aColeção Madeira Luís
710 02 $aPrograma das Nações Unidas para o Meio Ambiente$31096193
712 02 $aNational Geographic Society$4600$3241542
801 #0 $aPT$bBN$gRPC
966 ## $lBN$mICONOG$sCT. 18415 A.$x3
971 ## $cCatmusica8$d20260129
995 ## $aPRR2026 $d20260129$iCatmusica8
Etiqueta de registo: 00000nkm 2200025 450
001 2256849
003 http://id.bnportugal.gov.pt/bib/catbnp/2256849
100 ## $a20260129f1986 m y0pory01030103ba
101 0# $afre
200 1# $aLa paix naturellement$bVisual gráfico]$fPrograma das Nações Unidas para o Meio Ambiente$gPhoto: Fise
210 #9 $aNairobi$cPrograma das Nações Unidas para o Meio Ambiente,$d1986
215 ## $a1 cartaz$ccolor.$d66,9x48,2 cm
306 ## $aDatação atribuída em conformidade com as características formais do documento.
317 ## $aColeção Madeira Luís
702 #1 $aFise$4600$31993871
710 02 $aPrograma das Nações Unidas para o Meio Ambiente$31096193
801 #0 $aPT$bBN$gRPC
966 ## $lBN$mICONOG$sCT. 18414 A.$x3
971 ## $cCatmusica8$d20260129
995 ## $aPRR2026 $d20260129$iCatmusica8